Catalog

Record Details

Catalog Search



Wissen und leben : aus dem nichts ins Leben Cover Image Book Book

Wissen und leben : aus dem nichts ins Leben Edgar Andrews

Andrews, Edgar H. (Author).

Record details

  • ISBN: 3-7751-0975-7
  • Physical Description: 179 S.
  • Publisher: Neuhausen Hänssler Verlag 1985

Available copies

  • 1 of 1 copy available at Common Catalog SPOK.

Holds

  • 0 current holds with 1 total copy.
Show Only Available Copies
Location Call Number / Copy Notes Barcode Shelving Location Status Due Date
ETS Library 231.765 424470006247 Volný výběr Available -

LDR 00663nam a2 00241
00138734
003CZ-PrJAB
00520031203000000.0
008031128s1985 xr e |||| |ger
009ge
020 . ‡a3-7751-0975-7
035 . ‡a(CONS)10184
035 . ‡aKPS12018
040 . ‡aABG450
041 . ‡ager
08214. ‡a231.765
100 . ‡7708 ‡aAndrews, Edgar H.
245 . ‡aWissen und leben : ‡baus dem nichts ins Leben ‡cEdgar Andrews
260 . ‡aNeuhausen ‡bHänssler Verlag ‡c1985
300 . ‡a179 S.
653 . ‡aWissen und leben ‡aaus dem nichts ins Leben
8524 . ‡bETS ‡bETS ‡cVolný výběr ‡j231.765 ‡gA ‡p424470006247
910 . ‡aABG450
999 . ‡a10184 ‡bAUTOGEN ‡c10184 ‡tbiblio
905 . ‡uadmin
901 . ‡a38734 ‡b ‡c38734 ‡tbiblio ‡sets

Additional Resources